Statistics for Closest Capital City Pairs #2

Click here to take the quiz!

General Stats

  • This quiz has been taken 52,653 times
  • The average score is 11 of 20

Answer Stats

CapitalNearest Other% Correct
DublinLondon
100%
ParisBrussels
88%
SeoulPyongyang
80%
IslamabadKabul
68%
QuitoBogota
67%
JakartaSingapore
64%
SingaporeKuala Lumpur
61%
Mexico CityGuatemala City
60%
MinskVilnius
58%
Phnom PenhBangkok
54%
StockholmTallinn
54%
VaduzBern
53%
ChisinauBucharest
51%
BratislavaVienna
49%
NassauHavana
46%
MuscatAbu Dhabi
45%
RabatLisbon
43%
AnkaraNicosia
38%
DjiboutiSana'a
34%
BanjulDakar
27%

Score Distribution

Percentile by Number Answered

Percent of People with Each Score

Your Score History

You have not taken this quiz